[Event "CFriend RL-2005-0-00038 email"]
[Site "Chessfriend.com"]
[Date "2005.09.06"]
[Round "1"]
[White "Werbrouck, Jean Michel"]
[Black "Nilange, Ashish"]
[Result "1-0"]
[WhiteElo "1110"]
[BlackElo "1200"]
[PlyCount "25"]
[EventDate "2005.09.06"]
[EventType "tourn (corr)"]
[EventRounds "6"]
[SourceTitle "Corr 2024"]
[Source "ChessBase"]
[SourceDate "2023.10.19"]
[SourceVersion "1"]
[SourceVersionDate "2023.10.19"]
[SourceQuality "1"]

1. e4 c5 2. Nf3 Nc6 3. d4 cxd4 4. Nxd4 e5 5. Nxc6 bxc6 6. Bc4 Bb7 7. Qf3 Nf6 8. Bg5 Bb4+ 9. c3 Be7 10. Nd2 d5 11. exd5 cxd5 12. Bxf6 Bxf6 13. Bb5+ 1-0

[Event "CFriend AT-2005-0-00111 email"]
[Site "Chessfriend.com"]
[Date "2005.02.14"]
[Round "1"]
[White "Nilange, Ashish"]
[Black "Wurm, Tamas"]
[Result "1/2-1/2"]
[WhiteElo "1200"]
[BlackElo "1036"]
[PlyCount "45"]
[EventDate "2005.??.??"]
[EventType "tourn (corr)"]
[EventRounds "2"]
[SourceTitle "Corr 2024"]
[Source "ChessBase"]
[SourceDate "2023.10.19"]
[SourceVersion "1"]
[SourceVersionDate "2023.10.19"]
[SourceQuality "1"]

1. e4 e5 2. Nf3 Nc6 3. Bb5 a6 4. Ba4 Nf6 5. 0-0 Be7 6. d3 b5 7. Bb3 0-0 8. Nc3 d6 9. a3 Bg4 10. Be3 Na5 11. Ba2 c5 12. h3 Bd7 13. b4 Nc6 14. Nd5 cxb4 15. axb4 Nxd5 16. Bxd5 a5 17. bxa5 Rxa5 18. Qd2 Rxa1 19. Rxa1 Bf6 20. c3 Ne7 21. Ra8 Qc7 22. Ra7 Qc8 23. Ra8 1/2-1/2

[Event "CFriend SL-2003-0-00002 email"]
[Site "Chessfriend.com"]
[Date "2003.01.18"]
[Round "?"]
[White "Nilange, Ashish"]
[Black "Hulse, David"]
[Result "1/2-1/2"]
[WhiteElo "1166"]
[BlackElo "975"]
[PlyCount "34"]
[EventDate "2003.01.18"]
[EventType "tourn (corr)"]
[EventRounds "12"]
[SourceTitle "Corr 2008"]
[Source "ChessBase"]
[SourceDate "2008.06.24"]
[SourceVersion "1"]
[SourceVersionDate "2008.06.24"]
[SourceQuality "1"]

1. e4 e5 2. Nf3 Nf6 3. Nxe5 d6 4. Nf3 Nxe4 5. d3 Nf6 6. Be2 Be7 7. 0-0 0-0 8. Be3 Be6 9. Nc3 c6 10. Re1 Re8 11. Ne4 Nbd7 12. a4 Nxe4 13. dxe4 Nf6 14. Ng5 h6 15. Nxe6 fxe6 16. a5 Nxe4 17. a6 b6 1/2-1/2

[Event "CFriend SL-2003-0-00002 email"]
[Site "Chessfriend.com"]
[Date "2003.01.18"]
[Round "?"]
[White "Nilange, Ashish"]
[Black "Wood, Brian B"]
[Result "1/2-1/2"]
[WhiteElo "1166"]
[BlackElo "859"]
[PlyCount "52"]
[EventDate "2003.01.18"]
[EventType "tourn (corr)"]
[EventRounds "12"]
[SourceTitle "Corr 2008"]
[Source "ChessBase"]
[SourceDate "2008.06.24"]
[SourceVersion "1"]
[SourceVersionDate "2008.06.24"]
[SourceQuality "1"]

1. e4 c5 2. Nf3 e6 3. d4 cxd4 4. Nxd4 Nc6 5. Be2 Nf6 6. Nc3 Bb4 7. 0-0 Bxc3 8. bxc3 e5 9. Nxc6 dxc6 10. Qxd8+ Kxd8 11. Rd1+ Kc7 12. Ba3 Nxe4 13. Rd3 Bf5 14. Re3 Bg6 15. Bf3 Ng5 16. Be2 f6 17. f4 Nf7 18. Bc4 Nd6 19. Bxd6+ Kxd6 20. fxe5+ fxe5 21. Rd1+ Kc5 22. Bd3 e4 23. Bxe4 Rhe8 24. Rde1 Rxe4 25. Rxe4 Bxe4 26. Rxe4 Kd6 1/2-1/2

[Event "IECG CP.2002.P.00044 email"]
[Site "IECG email"]
[Date "2002.10.01"]
[Round "?"]
[White "Nilange, Ashish"]
[Black "Saint Amour, Philippe"]
[Result "0-1"]
[WhiteElo "1157"]
[BlackElo "2038"]
[PlyCount "32"]
[EventDate "2002.10.01"]
[EventType "tourn (corr)"]
[EventRounds "6"]
[EventCountry "ITA"]
[SourceTitle "Corr 2008"]
[Source "ChessBase"]
[SourceDate "2008.06.24"]
[SourceVersion "1"]
[SourceVersionDate "2008.06.24"]
[SourceQuality "1"]

1. d4 Nf6 2. c4 g6 3. Nc3 Bg7 4. e4 d6 5. Nf3 0-0 6. Be2 c5 7. 0-0 cxd4 8. Nxd4 Nc6 9. Be3 Re8 10. Qd2 Ng4 11. Bxg4 Bxg4 12. h3 Bd7 13. Rad1 Qa5 14. Nxc6 bxc6 15. Bd4 Bxd4 16. Rfe1 Bg7 0-1

[Event "IECG CF.2002.0.00033 email"]
[Site "IECG email"]
[Date "2002.08.24"]
[Round "?"]
[White "Nilange, Ashish"]
[Black "Gordon, Tom"]
[Result "1/2-1/2"]
[WhiteElo "1000"]
[BlackElo "1000"]
[PlyCount "64"]
[EventDate "2002.08.24"]
[EventType "tourn (corr)"]
[EventRounds "6"]
[SourceTitle "Corr 2008"]
[Source "ChessBase"]
[SourceDate "2008.06.24"]
[SourceVersion "1"]
[SourceVersionDate "2008.06.24"]
[SourceQuality "1"]

1. e4 e6 2. d4 d5 3. Nc3 Bb4 4. e5 c5 5. a3 Bxc3+ 6. bxc3 Ne7 7. Nf3 Qc7 8. Bd3 Nbc6 9. 0-0 c4 10. Be2 f6 11. Bf4 Ng6 12. Qd2 Nxf4 13. Qxf4 0-0 14. Qe3 Bd7 15. exf6 Rxf6 16. Rab1 b6 17. Rfe1 Qd6 18. Ne5 Raf8 19. Nxd7 Qxd7 20. Bg4 Nd8 21. f3 Qa4 22. Qc1 Re8 23. Re3 Qd7 24. Qb2 h5 25. Bxh5 Ref8 26. Rbe1 Rh6 27. Bg4 Rff6 28. Qb4 Nf7 29. R1e2 Nd8 30. Qb2 Qd6 31. h3 Qd7 32. Re1 Kh7 1/2-1/2

[Event "IECG CF.2002.0.00033 email"]
[Site "IECG email"]
[Date "2002.08.24"]
[Round "?"]
[White "Torre, Leandro"]
[Black "Nilange, Ashish"]
[Result "0-1"]
[WhiteElo "1099"]
[BlackElo "1000"]
[PlyCount "50"]
[EventDate "2002.08.24"]
[EventType "tourn (corr)"]
[EventRounds "6"]
[SourceTitle "Corr 2008"]
[Source "ChessBase"]
[SourceDate "2008.06.24"]
[SourceVersion "1"]
[SourceVersionDate "2008.06.24"]
[SourceQuality "1"]

1. e4 c5 2. Nf3 d6 3. d4 cxd4 4. Qxd4 Nc6 5. Bb5 Bd7 6. Bxc6 Bxc6 7. Nc3 Nf6 8. Bg5 e6 9. 0-0-0 Be7 10. Qd3 Qd7 11. Rhe1 0-0 12. Bxf6 Bxf6 13. Qxd6 Rfd8 14. Qxd7 Rxd7 15. Rxd7 Bxd7 16. Rd1 Bc6 17. Nd4 Bxd4 18. Rxd4 f6 19. Kd2 e5 20. Rd6 Kf7 21. Nd5 Rc8 22. c4 h6 23. b4 Bxd5 24. cxd5 Ke7 25. Rb6 axb6 0-1

[Event "IECG CF.2002.0.00030 email"]
[Site "IECG email"]
[Date "2002.07.16"]
[Round "?"]
[White "Nilange, Ashish"]
[Black "Znak, Nicholas"]
[Result "1-0"]
[WhiteElo "1000"]
[BlackElo "1056"]
[PlyCount "85"]
[EventDate "2002.07.16"]
[EventType "tourn (corr)"]
[EventRounds "6"]
[SourceTitle "Corr 2008"]
[Source "ChessBase"]
[SourceDate "2008.06.24"]
[SourceVersion "1"]
[SourceVersionDate "2008.06.24"]
[SourceQuality "1"]

1. e4 Nf6 2. e5 Nd5 3. d4 d6 4. Nf3 g6 5. Bc4 Nb6 6. Bb3 Bg7 7. Nc3 d5 8. 0-0 Bg4 9. h3 Bxf3 10. Qxf3 e6 11. Bf4 Nc6 12. Rad1 Na5 13. Na4 Nxb3 14. Qxb3 0-0 15. Nc5 Qh4 16. Qf3 Rab8 17. Rd3 Qe7 18. Re1 Nd7 19. Bg5 Qe8 20. Nxd7 Qxd7 21. Ra3 Ra8 22. Bf6 h6 23. Bxg7 Kxg7 24. Qf6+ Kh7 25. Ree3 Rg8 26. Reb3 c6 27. Rf3 Rgf8 28. c3 Kg8 29. h4 Qd8 30. h5 Qxf6 31. Rxf6 Kg7 32. hxg6 fxg6 33. Rxe6 Rf7 34. f3 a6 35. Rb3 Rc8 36. Rd6 Rcc7 37. a4 Rcd7 38. Rxd7 Rxd7 39. Kf2 Kf7 40. Ke3 g5 41. g4 Ke6 42. Rb6 Kf7 43. b4 1-0

[Event "IECG QF.2002.0.00020"]
[Site "IECG email"]
[Date "2002.06.20"]
[Round "?"]
[White "Cisana, Gianluca"]
[Black "Nilange, Ashish"]
[Result "0-1"]
[WhiteElo "1000"]
[BlackElo "1000"]
[PlyCount "94"]
[EventDate "2002.06.20"]
[EventType "tourn (corr)"]
[EventRounds "6"]
[SourceTitle "Corr 2008"]
[Source "ChessBase"]
[SourceDate "2008.06.24"]
[SourceVersion "1"]
[SourceVersionDate "2008.06.24"]
[SourceQuality "1"]

1. e4 c5 2. Nf3 d6 3. Bc4 Nf6 4. Nc3 Nc6 5. 0-0 g6 6. d3 Bg7 7. Ng5 0-0 8. f4 Na5 9. b3 d5 10. e5 dxc4 11. exf6 Bxf6 12. Bb2 cxd3 13. cxd3 Nc6 14. Nge4 Bd4+ 15. Kh1 Qd7 16. Na4 b6 17. Bxd4 Qxd4 18. Qf3 Bb7 19. Nec3 Rad8 20. Rad1 Qd7 21. Nb2 Nd4 22. Qg3 Nf5 23. Qe1 Qc6 24. Rf2 Nh4 25. Qe2 Rd4 26. Nc4 f6 27. Kg1 Rfd8 28. Nb2 Nxg2 29. Rxg2 Qxg2+ 30. Qxg2 Bxg2 31. Kxg2 Rxf4 32. Ne2 Rf5 33. Ng3 Rfd5 34. Re1 Kf7 35. Ne4 Rd4 36. a3 e5 37. Kf2 Ke6 38. Re3 h5 39. Ke2 h4 40. Nc4 Rf8 41. a4 Rb8 42. Rh3 Rbd8 43. a5 b5 44. Na3 f5 45. Nxc5+ Kd5 46. Na6 Kc6 47. Ke3 Rxd3+ 0-1

[Event "IECG QF.2002.0.00020"]
[Site "IECG email"]
[Date "2002.06.20"]
[Round "?"]
[White "Nilange, Ashish"]
[Black "Williams, Derrick"]
[Result "1/2-1/2"]
[WhiteElo "1000"]
[BlackElo "1000"]
[PlyCount "71"]
[EventDate "2002.06.20"]
[EventType "tourn (corr)"]
[EventRounds "6"]
[SourceTitle "Corr 2008"]
[Source "ChessBase"]
[SourceDate "2008.06.24"]
[SourceVersion "1"]
[SourceVersionDate "2008.06.24"]
[SourceQuality "1"]

1. e4 d5 2. exd5 Qxd5 3. Nc3 Qa5 4. d4 e6 5. Nf3 Nf6 6. Bd2 Bb4 7. a3 Bxc3 8. Bxc3 Qb6 9. Bd3 Nbd7 10. 0-0 0-0 11. Qd2 a5 12. b4 axb4 13. axb4 Rxa1 14. Rxa1 Nd5 15. b5 Nxc3 16. Qxc3 c5 17. bxc6 bxc6 18. Ng5 Nf6 19. Qc4 Qb7 20. Ne4 Nxe4 21. Bxe4 Qb2 22. Re1 Bb7 23. Qd3 h6 24. c3 Ra8 25. h3 c5 26. Bxb7 Qxb7 27. dxc5 Qc8 28. Qd6 Ra5 29. Re5 Ra1+ 30. Kh2 Ra6 31. Qd4 Qc7 32. f4 Rc6 33. Qe3 Kh8 34. g3 Qa5 35. Kg1 Qa1+ 36. Qe1 1/2-1/2

[Event "IECG QF.2002.0.00020"]
[Site "IECG email"]
[Date "2002.06.20"]
[Round "?"]
[White "Williams, Derrick"]
[Black "Nilange, Ashish"]
[Result "0-1"]
[WhiteElo "1000"]
[BlackElo "1000"]
[PlyCount "88"]
[EventDate "2002.06.20"]
[EventType "tourn (corr)"]
[EventRounds "6"]
[SourceTitle "Corr 2008"]
[Source "ChessBase"]
[SourceDate "2008.06.24"]
[SourceVersion "1"]
[SourceVersionDate "2008.06.24"]
[SourceQuality "1"]

1. d4 Nf6 2. c4 e6 3. Nf3 b6 4. e3 Be7 5. Be2 Bb7 6. 0-0 0-0 7. Nc3 d5 8. b3 Nbd7 9. Bd2 Rc8 10. Bc1 c5 11. Bb2 dxc4 12. Bxc4 cxd4 13. Nxd4 Ne5 14. Be2 Bb4 15. Rc1 Nd5 16. Nxd5 Qxd5 17. f3 Rxc1 18. Qxc1 Rc8 19. Qd1 Ng6 20. Bd3 Qg5 21. Qe2 e5 22. Nc2 Bc5 23. Kh1 Bd6 24. Rd1 Qh5 25. Bc4 Rc6 26. Bd5 e4 27. h3 Rxc2 28. Bxf7+ Kxf7 29. Qxc2 Ke7 30. Qd2 Qc5 31. f4 Ba6 32. Bxg7 Bd3 33. Rc1 Qf5 34. Bc3 Kf7 35. Bb4 Be7 36. Rc7 a6 37. Qc3 Qf6 38. Qxf6+ Kxf6 39. Rc6+ Kf7 40. Rxb6 Bxb4 41. Rxb4 Ne7 42. Rb7 Kf6 43. g4 Nd5 44. Rxh7 Nxe3 0-1

[Event "IECG CF.2002.0.00027 email"]
[Site "IECG email"]
[Date "2002.06.12"]
[Round "?"]
[White "Nilange, Ashish"]
[Black "Popp, Tony"]
[Result "1-0"]
[WhiteElo "1000"]
[BlackElo "1058"]
[PlyCount "65"]
[EventDate "2002.06.12"]
[EventType "tourn (corr)"]
[EventRounds "6"]
[SourceTitle "Corr 2008"]
[Source "ChessBase"]
[SourceDate "2008.06.24"]
[SourceVersion "1"]
[SourceVersionDate "2008.06.24"]
[SourceQuality "1"]

1. e4 c5 2. Nf3 g6 3. d4 Bg7 4. c3 Nc6 5. e5 cxd4 6. cxd4 d5 7. Qb3 e6 8. Bd3 Nge7 9. Nc3 a6 10. 0-0 0-0 11. Bg5 h6 12. Be3 b5 13. Rac1 Na5 14. Qc2 Nc4 15. b3 Nxe3 16. fxe3 Nf5 17. Qd2 h5 18. b4 Bh6 19. Nd1 Qb6 20. Rc5 Bb7 21. Bxf5 exf5 22. Nc3 Rfd8 23. a4 Bf8 24. axb5 Bxc5 25. dxc5 Qe6 26. c6 Bxc6 27. Nd4 Qd7 28. Nxc6 Re8 29. Nxd5 Kg7 30. Qd4 Re6 31. Nb6 Qxd4 32. exd4 Rf8 33. d5 1-0

[Event "IECG CF.2002.0.00027 email"]
[Site "IECG email"]
[Date "2002.06.12"]
[Round "?"]
[White "Odasso, Marco"]
[Black "Nilange, Ashish"]
[Result "0-1"]
[WhiteElo "1000"]
[BlackElo "1000"]
[PlyCount "22"]
[EventDate "2002.06.12"]
[EventType "tourn (corr)"]
[EventRounds "6"]
[SourceTitle "Corr 2008"]
[Source "ChessBase"]
[SourceDate "2008.06.24"]
[SourceVersion "1"]
[SourceVersionDate "2008.06.24"]
[SourceQuality "1"]

1. e4 c5 2. Nf3 d6 3. d4 cxd4 4. Nxd4 Nf6 5. Nc3 g6 6. Bc4 Bg7 7. 0-0 0-0 8. f4 Qb6 9. Be3 Ng4 10. Qe2 Nxe3 11. Qxe3 Bxd4 0-1

[Event "IECG CF.2002.0.00027 email"]
[Site "IECG email"]
[Date "2002.06.12"]
[Round "?"]
[White "Williams, Derrick"]
[Black "Nilange, Ashish"]
[Result "1-0"]
[WhiteElo "1000"]
[BlackElo "1000"]
[PlyCount "97"]
[EventDate "2002.06.12"]
[EventType "tourn (corr)"]
[EventRounds "6"]
[SourceTitle "Corr 2008"]
[Source "ChessBase"]
[SourceDate "2008.06.24"]
[SourceVersion "1"]
[SourceVersionDate "2008.06.24"]
[SourceQuality "1"]

1. d4 Nf6 2. c4 e6 3. Nf3 b6 4. e3 Bb7 5. Bd3 d5 6. Nbd2 Bd6 7. Qc2 0-0 8. e4 Nc6 9. e5 Nxd4 10. Nxd4 Bxe5 11. N4f3 Bd6 12. 0-0 c5 13. b3 Qc7 14. Bb2 d4 15. Ne4 Nxe4 16. Bxe4 Bxe4 17. Qxe4 Rfd8 18. Rad1 Bf4 19. Rfe1 Rac8 20. Ne5 Bxe5 21. Qxe5 Qxe5 22. Rxe5 Kf8 23. Kf1 a6 24. a3 Ke7 25. Ke2 f6 26. Re4 g5 27. Bc1 Kd6 28. Kd3 e5 29. g4 h5 30. h4 hxg4 31. Rxg4 gxh4 32. f4 Rh8 33. Rh1 e4+ 34. Kxe4 h3 35. Rg6 Rce8+ 36. Kf5 h2 37. Rg2 Rh5+ 38. Kxf6 Rf8+ 39. Kg7 Rfh8 40. f5 Ke5 41. Rf2 R5h7+ 42. Kg6 Rh4 43. Re2+ Kd6 44. Rhxh2 Rg4+ 45. Bg5 Rg8+ 46. Kf6 Rf8+ 47. Kg7 Rd8 48. Rh6+ Kc7 49. Re7+ 1-0

[Event "IECG CF.2002.0.00026 email"]
[Site "IECG email"]
[Date "2002.06.04"]
[Round "?"]
[White "Cekolin, Anthony"]
[Black "Nilange, Ashish"]
[Result "0-1"]
[WhiteElo "1000"]
[BlackElo "1000"]
[PlyCount "40"]
[EventDate "2002.06.04"]
[EventType "tourn (corr)"]
[EventRounds "6"]
[SourceTitle "Corr 2008"]
[Source "ChessBase"]
[SourceDate "2008.06.24"]
[SourceVersion "1"]
[SourceVersionDate "2008.06.24"]
[SourceQuality "1"]

1. e4 c5 2. Nf3 d6 3. d4 cxd4 4. Nxd4 Nf6 5. Nc3 g6 6. Bc4 Bg7 7. 0-0 0-0 8. b3 Nxe4 9. Nxe4 d5 10. Bd3 dxe4 11. Bxe4 Qxd4 12. Qxd4 Bxd4 13. Rb1 Rd8 14. Bg5 f6 15. Bh6 Nc6 16. Rbd1 Bg4 17. Rd3 Be2 18. c3 Bxd3 19. Bxd3 Bxf2+ 20. Rxf2 Rxd3 0-1

[Event "IECG QN.2002.0.00223"]
[Site "IECG email"]
[Date "2002.05.12"]
[Round "?"]
[White "Nilange, Ashish"]
[Black "Hendricks, Richard"]
[Result "1-0"]
[WhiteElo "800"]
[BlackElo "800"]
[PlyCount "73"]
[EventDate "2002.05.12"]
[EventType "tourn (corr)"]
[EventRounds "6"]
[SourceTitle "Corr 2008"]
[Source "ChessBase"]
[SourceDate "2008.06.24"]
[SourceVersion "1"]
[SourceVersionDate "2008.06.24"]
[SourceQuality "1"]

1. e4 e5 2. Nf3 Nc6 3. Bb5 Bc5 4. c3 Nf6 5. d4 exd4 6. e5 Ne4 7. Qe2 d5 8. exd6 Bf5 9. Nbd2 0-0 10. Nxe4 Bxe4 11. Qxe4 Re8 12. Bxc6 bxc6 13. Ne5 Qxd6 14. Bf4 d3 15. 0-0-0 Bxf2 16. Rxd3 Qe6 17. Rf1 Bb6 18. Qa4 a5 19. Rfd1 Be3+ 20. Rxe3 h6 21. Nxc6 Qg4 22. Ne7+ Kh7 23. Qe4+ f5 24. Qxf5+ Qxf5 25. Nxf5 Rxe3 26. Nxe3 c6 27. Rd7 Re8 28. Nf5 Re1+ 29. Kd2 Rf1 30. Rxg7+ Kh8 31. g3 Rf2+ 32. Kd3 Rxb2 33. Be5 Rb5 34. Kd4 Rd5+ 35. Ke4 Rxe5+ 36. Kxe5 a4 37. Kf6 1-0

[Event "IECG TG.2002.0.14567"]
[Site "IECG email"]
[Date "2002.??.??"]
[Round "1"]
[White "Giambarresi, Frank"]
[Black "Nilange, Ashish"]
[Result "0-1"]
[WhiteElo "1000"]
[BlackElo "1000"]
[PlyCount "42"]
[EventDate "2002.??.??"]
[EventType "match (corr)"]
[EventRounds "2"]
[SourceTitle "Corr 2008"]
[Source "ChessBase"]
[SourceDate "2008.06.24"]
[SourceVersion "1"]
[SourceVersionDate "2008.06.24"]
[SourceQuality "1"]

1. e4 c5 2. Nf3 d6 3. d4 cxd4 4. Nxd4 Nf6 5. Nc3 g6 6. Be2 Bg7 7. f4 0-0 8. Be3 Nc6 9. Qd2 Nxd4 10. Bxd4 e5 11. fxe5 dxe5 12. Be3 Be6 13. 0-0-0 Qa5 14. Kb1 Nxe4 15. Qd3 Nxc3+ 16. Qxc3 Qxa2+ 17. Kc1 Qa1+ 18. Kd2 Rad8+ 19. Ke1 Rxd1+ 20. Bxd1 Rd8 21. Ke2 Bg4+ 0-1